000 00713nam a22002417a 4500
003 UA-OsUOA
001 118967
007 ta
008 20160927b un ||||| |||| 00| 0 ukr d
100 _aВільшина О.
090 _a821.161.2
_bВ55
942 _cBK
040 _aUA-OsUOA
_bukr
_cUA-OsUOA
_dUA-OsUOA
245 _aЯ - син вільного роду
_bпоезії, публіцистика, літературна критика
300 _a168 с.
955 _a3
041 _aukr
080 _a821.161.2
020 _a966-399-032-5
260 _aЧернівці
_bБукрек
_c2006
650 7 _a82 Література. Літературознавство
_2UDC
999 _c405148
_d405148